00942cam a22002531 45000010008000000030004000080050017000120080041000290100017000700350018000870400027001050420012001320820016001441100015001602450176001752600044003513000064003956510029004596510033004889060045005219420012005669990015005789520095005937501953OSt20230623082356.0720126s1962 mduab 000 0 eng  a 62010309  a(OCoLC)228426 aDLCcODaWUdOCoLCdDLC apremarc a328.9bIBRD2 aWorld Bank14aThe economic development of Uganda;breport of a mission organized by the International Bank for Reconstruction and Development at the request of the Government of Uganda. aBaltimore,bJohns Hopkins Pressc[1962] axviii, 475 p.bmaps (part fold., part col.) diagrs.c24 cm. 0aUgandaxEconomic policy. 0aUgandaxEconomic conditions. a7bcbccoclcrplduencipf19gy-gencatlg 2ddccBK c2385d2385 00102ddc4070a002b002d2023-06-23l0o328.9 IBRDp10000452r2023-06-23w2023-06-23yBK